| 000 | 00526nam a22001937a 4500 | ||
|---|---|---|---|
| 005 | 20250326121114.0 | ||
| 008 | 250326b |||||||| |||| 00| 0 eng d | ||
| 020 |
_a9788177082036 _c1940.00 |
||
| 040 | _aMAIN | ||
| 041 | _aEnglish | ||
| 082 |
_a338.0954 _bCHA |
||
| 100 |
_aChatterjee, Anup _93919 |
||
| 245 | _aIndustry and Infrastructure Development in India Since1947 | ||
| 260 |
_aNew Delhi _bNew Century _c2009 |
||
| 300 | _a565 | ||
| 650 |
_aUrban Study _925322 |
||
| 700 |
_aJetli, K.Narindar _925446 |
||
| 942 | _cBK | ||
| 999 |
_c59533 _d59533 |
||